| 000 | 00787pam a2200265 a 4500 | ||
|---|---|---|---|
| 008 | |||
| 020 | _a0442272111 (Hbk.) | ||
| 049 | _aMAIN | ||
| 090 | _aTK7876 | ||
| 100 | 1 | _aDavis, W. Alan. | |
| 245 | 1 | 0 |
_aMicrowave semiconductor circuit design / _cW. Alan Davis. |
| 260 |
_aNew York : _bVan Nostrand Reinhold Co. , _cc1984. |
||
| 300 |
_axii, 415 p. : _bill. ; _c24 cm. |
||
| 500 | _aIncludes index. | ||
| 504 | _aIncludes bibliographical references. | ||
| 650 | 0 | _aMicrowave circuits. | |
| 650 | 0 | _aMicrowave devices. | |
| 650 | 0 | _aSemiconductors. | |
| 653 | _aSemiconductor microwave devices | ||
| 907 |
_a.b10022387 _b23-11-05 _c17-04-03 |
||
| 003 | |||
| 005 | 20230123133901.0 | ||
| 040 | _cNUST | ||
| 942 |
_cBOOKS _kTK7876 |
||
| 999 |
_c156278 _d156278 |
||